000 01209cam a2200205 4500
001 ##L131690
008 051129n2005 000 0 eng u
035 _a(Sirsi) u131690
041 0 _aeng
050 0 4 _a346.4104342 $2 18
110 1 _aUnited Kingdom
_bOffice of the Deputy Prime Minister
245 0 0 _aSecurity of tenure for residential boats
_bconsultation paper
260 _aLondon
_bODPM
_c2005
520 _aThis joint consultation for England and Wales considers whether occupants of residential boats at long term moorings should be given security of tenure and additional contract rights and if so, to determine the appropriate level. Examines how residential moorings are managed particularly with regard to security of tenure, highlights some problems existing in these arrangements and outlines possible solutions. Responses to be received by 21 February 2006.
590 _aIKA061205
690 _aPROPERTY-RESIDENTIAL PROPERTY-TENANTED RESIDENTIAL PROPERTY
710 1 _aWales
_bNational Assembly for Wales
_94836
856 4 0 _uhttps://www.communities.gov.uk/archived/publications/housing/securitytenure
_zView the consultation free of charge at www.communities.gov.uk...
942 _n0
999 _c104800
_d104800